VAT in Namibia / (Record no. 764)

MARC details
000 -LEADER
fixed length control field 00460nam a22001697a 4500
005 - DATE AND TIME OF INPUT
control field 20231117103644.0
008 - DATA ELEMENTS--GENERAL INFORMATION
fixed length control field 231117b |||||||| |||| 00| 0 eng d
041 ## - LANGUAGE CODE
Language code of text English
082 ## - SHELF NUMBER
DDC number 343.4 VAT
100 ## - MAIN AUTHOR
Main author's name Van Niekerk, J
Language of a work English
245 ## - TITLE STATEMENT
Title VAT in Namibia /
Statement of responsibility, etc. J Van Niekerk
250 ## - EDITION STATEMENT
Edition statement Second Edition
260 ## - PUBLICATION, DISTRIBUTION, ETC.
Date of publication, distribution, etc. 2005
300 ## - PHYSICAL DESCRIPTION
Other physical details 233 pages ;
Dimensions 22 cm.
650 ## - SUBJECT`
Broad subject Legal practice
Own subject terms Law
942 ## - ADDED ENTRY ELEMENTS (KOHA)
Item type Books
942 ## - ADDED ENTRY ELEMENTS (KOHA)
-- ALISON_BN_VRIES
Holdings
Source of classification or shelving scheme Not for loan Collection code Home library Current library Shelving location Date acquired Full call number Barcode Price effective from Koha item type
Dewey Decimal Classification   TEXT BOOKS LAW SOCIETY OF NAMIBIA LIBRARY - WINDHOEK LAW SOCIETY OF NAMIBIA LIBRARY - WINDHOEK Income tax reporter (tax) 11/17/2023 343.4 VAT LSN/2010/2 11/17/2023 Books